| 000 | 00880nam a2200241Ia 4500 | ||
|---|---|---|---|
| 008 | 130821s sp ab gr spa | ||
| 020 | _a84 241 3171 1 | ||
| 040 |
_aCo-BoUCM _bspa |
||
| 041 | 0 | 0 | _aspa |
| 100 | 1 |
_aBarokas, Bernard _9168943 |
|
| 245 | 1 | 0 |
_aMisterio en el valle de los reyes _cBernard Barokas ; traducción de Luis Fernández Campillo |
| 260 |
_aMadrid (España) _bEditorial Everest _c[fecha desconocida] |
||
| 300 |
_a183 páginas _bilustraciones, mapas |
||
| 490 | 0 |
_aColección La Torres y la Flor _v95 |
|
| 650 |
_aLiteratura europea _926524 |
||
| 650 |
_aLiteratura francesa _97794 |
||
| 650 |
_aNovela francesa _920506 |
||
| 650 |
_aNovela juvenil _920536 |
||
| 700 | 1 |
_aFernández Campillo, Luis _etrad. _9168944 |
|
| 765 | 0 | _tMystére dans la vallée des rois | |
| 942 |
_cLIBRO _a18 _e1 _mB264m _2DEWEY _h843.91 |
||
| 999 |
_c74611 _d74611 |
||